| 000 | 00590nam a2200169 a 4500 | ||
|---|---|---|---|
| 001 | 000025035 | ||
| 005 | 20200930023525.0 | ||
| 008 | 130408s1996 dr 000 0 spa d | ||
| 040 |
_aDO-SdBNP _bspa _cBNPHU |
||
| 100 | 1 |
_aPiña, Nelly C. _950437 |
|
| 245 | 1 | 3 |
_aInforme final / _cNelly C. Piña,. |
| 260 |
_a[Santo Domingo] : _bOrganización panamericana de la salud, _c1996. |
||
| 300 |
_a28 p. : ; _c29 cm. |
||
| 490 | 1 |
_aIntroducción a la metodología de la investigación _v5 |
|
| 504 | _aBibliografía : p. 19 | ||
| 830 | 0 |
_aIntroducción a la metodología de la investigación _v5 _950438 |
|
| 999 |
_c24528 _d24528 |
||